00872nam a2200133 4500007001400000008001400014082001900028100004100047245006200088260005500150300003400205505041500239650008400654709.861 T147a9789585767133 a709.861bT147a aGutiérrez-Castañeda, David et al aArte y disidencia política:bmemorias del Taller 4 Rojo aColombiabTaller Historia Crítica del Artec2016 a548 p.bill (col)c23 x 17 cm tAgradecimientostIntroduccióntSiete tesis sobre el Taller 4 Rojot(uno) Trayectoriast(dos) Fundacionest(tres) Procesos - Activismos poético políticot(cuatro) Los movimientos sociales y políticost(cinco) La Universidad Nacional - La docenciat(seis) Disensos y disolución tÍndice alfabéticotEntrevista a: Carlos Granada, Diego Arango, Umberto Giangrandi, Jorge Mora, Fabio Rodríguez Amaya xArte contemporáneoxColombiaxCrítica e interpretaciónxarte y política